1958 1918 1281 1461 1583 1623 1242 1654 1263 1051 1480 1853 1402 1954 1075 1406 1054 1012 1694 1580 1458 1767 1300 1136 1276 1860 1616 1476 1624 1098 1321 1733 1829 1711 1219 1799 1493 1377 1988 1356 1701 1019 1929 1334 1927 1252 1937 1624 1731 1287 1625 1628 1652 1912 1518 1903 1484 1535 1419 1966 1300 1594 1203 1001 1552 1885 1375 1295 1517 1666 1475 1253 1491 1372 1656 1256 1556 1192 1066 1693 1482 1795 1089 1885 1296 1641 1119 1730 1682 1521 1440 1294 1627 1756 1681 1311 1026 1020 1196 BCNSPRNW ULIB Ver.6.0+V

เปลี่ยนเป็นภาษาไทย

Change to English
 แสดงรายละเอียดบรรณานุกรม
  กลับหน้าหลัก

Brief Record : Get Marc (ISO 2709) : E-mail record : QR code < ปิดหน้าต่าง
LEADER : 00000nam 2200000uu 4500
001    13399126314
003     ULIB
008    180905s2561||||th 000 0 tha d
020    ^a9786163143679
060    ^aWB105 ว617อ
100    ^aวินชนะ ศรีวิไลทนต์
245    ^aอาการวิทยาและการจำแนกภาวะทางเวชศาสตร์ฉุกเฉิน
250    ^aพิมพ์ครั้งที่ 1
260    ^aปทุมธานี :^bโรงพิมพ์มหาวิทยาลัยธรรมศาสตร์ศููนย์รังสิต,^c2561
300    ^a276 หน้า^bภาพประกอบ, ตาราง
650    ^aอาการวิทยา
650    ^aเวชศาสตร์ฉุกเฉิน
945    ^p350^l0^i004529
945    ^p350^l0^i004530
945    ^p350^l0^i004531
999    ^aประนอม เกษจรัล
รายการนี้ยังไม่มีแท็ก
คุณยังไม่ได้ล็อกอิน คุณสามารถมีกิจกรรมร่วมกับเว็บไซต์ได้ แต่ต้องล็อกอินก่อน ::
  ล็อกอิน

รายการสื่อสารสนเทศ

ลำดับที่ ประเภท เลขเรียก/บาร์โค้ด สถานที่ สถานะ
1. วิทยาศาสตร์การแพทย์ และสุขภาพ
หนังสือสำรอง
สถานะ=หนังสือสำรอง
WB105 ว617อ ฉ.1 
  Barcode: 004529
ห้องสมุดวิทยาเขตสวรรค์ประชารักษ์
►หนังสือทั่วไป
บนชั้น
2. วิทยาศาสตร์การแพทย์ และสุขภาพ
วิทยาศาสตร์การแพทย์ และสุขภาพ
WB105 ว617อ ฉ.2 
  Barcode: 004530
ห้องสมุดวิทยาเขตสวรรค์ประชารักษ์
►หนังสือทั่วไป
บนชั้น
3. วิทยาศาสตร์การแพทย์ และสุขภาพ
วิทยาศาสตร์การแพทย์ และสุขภาพ
WB105 ว617อ ฉ.3 
  Barcode: 004531
ห้องสมุดวิทยาเขตสวรรค์ประชารักษ์
►หนังสือทั่วไป
บนชั้น

รายการใกล้เคียง
    ชื่อเรื่อง [อาการวิทยาและการจำแนกภาวะทางเวชศาสตร์ฉุกเฉิน]

    ผู้แต่ง [วินชนะ ศรีวิไลทนต์]

    หัวเรื่อง [อาการวิทยา]
    หัวเรื่อง [เวชศาสตร์ฉุกเฉิน]

BibComment


ยังไม่เคยถูกคอมเมนท์

คอมเมนท์ทรัพยากรรายการนี้
  คอมเมนท์: อาการวิทยาและการ..


 Copyright 2026. Bcnsprnw @Library